00312nam a2200109 a 450000500170000000800410001705000180005810000240007624500530010026000430015344000060019620140414131856.0100828s19uu xx 00 eng d aFILbAl1 2007 aVillanueva, Rene O. aAlamat ng guyabano :bThe legend of the soursop. aManila, Philippines :bLampara,c2007. a